The World Almanac and Book of Facts 2007 /

Zapisane w:
Opis bibliograficzny
1. autor: Kashne, Zoe
Format: Książka
Język:English
Wydane: World Almanac Book, 2007.
Hasła przedmiotowe:
Etykiety: Dodaj etykietę
Nie ma etykietki, Dołącz pierwszą etykiete!
Thư viện lưu trữ: Mạng thư viện Đại học Đà Nẵng
LEADER 00909nam a22002771a 4500
001 000034845
003 11062
005 20220805084451.0
008 151027s2007 000 eng
020 |a 9780886879952 
041 |a eng 
082 |a 420.30  |b KA-Z 
100 |a Kashne, Zoe 
245 4 |a The World Almanac and Book of Facts 2007 /  |c Zoe Kashner. 
260 |a World Almanac Book,  |c 2007. 
300 |a 995p. : ;  |c 20cm. 
650 |a World Almanac  |a World 2007 
OWN |a LNN 
AVA |a UDN50  |b LNN  |c English  |d 420.30 KA-Z  |e available  |t Error 5001 Not defined in file expand_doc_bib_avail.  |f 2  |g 0  |h N  |i 0  |j AN 
999 |a From the UDN01 
AVA |a UDN50  |b LNN  |c English  |d 420.30 KA-Z  |e available  |t Error 5001 Not defined in file expand_doc_bib_avail.  |f 2  |g 0  |h N  |i 0  |j AN 
TYP |a Monograph 
980 |a Mạng thư viện Đại học Đà Nẵng